000 02782nam a2200253 a 4500
999 _c1356
_d1356
003 AR-BaISA
005 20230728180850.0
006 aad||fr|||| 001 0
007 ta
008 230728s2023 ag ad||f |||| 001 0 spa d
020 _a9789878452456
040 _bspa
_cAR-BaISA
082 0 4 _222
_a618.928 C116
100 _92964
_aCafiero, Pablo
245 1 0 _aPediatría del desarrollo y la conducta:
_bde la teoría a la práctica clínica /
_cPablo Cafiero
260 _aBuenos Aires:
_bJournal,
_cc2023
300 _aXV, 285 p.:
_bil., graf.
504 _aBibliografía al final de cada capítulo
504 _aÍndice analítico p.: [283]-285
505 _tASPECTOS GENERALES:
_tViviana Enseñat y Pablo Cafiero / Marco conceptual e histórico de la pediatría del desarrollo y la conducta --
_tMaría Paula Vitale y Juan José López Luro / Epidemiología de los trastornos del neurodesarrollo --
_tHERRAMIENTAS PARA LA PRÁCTICA CLÍNICA:
_tCelina Lejarraga y Nicolás Cacchhiarelli / Importancia de la vigilancia, la pesquisa y la aproximación al diagnóstico del desarrollo en la consulta pediátrica --
_tMaría Pía Fassero, María Belén Micheletti y María Gabriela Urinovsky / Desarrollo infantil en el primer nivel de atención --
_tJuan Pablo Molina y Juan Ignacio Gómez de la Fuente / Cuando el desarrollo no es tan típico: trastorno del espectro autista --
_tMaría José Martinez Cáceres, Guillermina Soraiz y Pamela Zabala / Pacientes con condiciones crónicas complejas de inicio neonatal: impacto en el desarrollo --
_tIMPACTO DEL MEDIOAMBIENTE EN EL DESARROLLO:
_tSilvana Napoli / Estrés y neurodesarrollo --
_tGabriela Krochik y Pablo Cafiero / Nutrición y neurodesarrollo --
_tSebastián Lipina / Asociaciones entre pobreza y desarrollo autorregulatorio desde las perspectivas neurocientíficas contemporáneas --
_tMarisa Gaioli y Pablo Cafiero / Salud ambiental, cambio climático y neurodesarrollo --
_tPablo Cafiero y María Gabriela Morell / Exposición a situaciones de desastres: implicancias en el neurodesarrollo --
_tVerónica Videla / Efectos del uso de pantallas sobre el desarrollo --
_tNUEVOS PARADIGMAS, ABORDAJES Y MODALIDADES DE ATENCIÓN EN PACIENTES CON DESAFÍOS EN EL DESARROLLO:
_tVerónica Schiariti / Enfoque funcional de la neurodiversidad en la pediatría del desarrollo y la conducta --
_tJosé Boavida / Intervenciones basadas en la evidencia para la promoción del desarrollo infantil temprano: el modelo portugués --
_tAnabella Escalante y Paula Pedernera Bradichansky / Uso de la telemedicina en la pediatría del desarrollo y la conducta --
_tAlejandro Iglesias / Bases genéticas de los trastornos del neurodesarrollo
650 1 4 _9782
_aPediatría
650 1 4 _92475
_aDesarrollo infantil
942 _2ddc
_cLI
_e22